[Event "TUN-ch sf"]
[Site "Monastir"]
[Date "2024.03.23"]
[Round "4"]
[White "Alouani, Ahmed"]
[Black "Ben Salah, Atef"]
[Result "1-0"]
[WhiteElo "1558"]
[BlackElo "1709"]
[PlyCount "107"]
[EventDate "2024.03.21"]
[EventType "swiss"]
[EventRounds "9"]
[EventCountry "TUN"]
[SourceTitle "CB15_2024"]
[SourceDate "2024.04.10"]
[SourceVersion "1"]
[SourceVersionDate "2024.04.10"]
[SourceQuality "1"]

1. d4 e6 2. Nf3 d5 3. Bf4 c6 4. c3 Be7 5. Nbd2 f5 6. Ne5 Nf6 7. h3 Nbd7 8. e3 0-0 9. g4 Nxe5 10. dxe5 Ne4 11. gxf5 exf5 12. Nxe4 fxe4 13. h4 Be6 14. Qh5 Qd7 15. Rg1 Rf5 16. Qe2 Rf7 17. h5 b5 18. 0-0-0 a5 19. f3 exf3 20. Qxf3 Bf5 21. Qg3 Qe6 22. Bh3 Bf8 23. Bxf5 Rxf5 24. Qg4 Re8 25. Rd2 Rf7 26. Qg3 Bc5 27. Rdg2 b4 28. Qh2 bxc3 29. bxc3 Ba3+ 30. Kd2 Rb8 31. Ke1 Rb1+ 32. Ke2 Rb2+ 33. Kf3 Rfb7 34. Qh4 Be7 35. Qg3 Bf8 36. Rxb2 Rxb2 37. Rg2 Rb1 38. Qg5 Qh3+ 39. Rg3 Qf1+ 40. Kg4 Rb7 41. Kf5 Qb1+ 42. Kg4 h6 43. Qd8 Rf7 44. Qc8 Qb7 45. Qxb7 Rxb7 46. Rg2 Kf7 47. Kf5 Be7 48. Rg6 Rb6 49. e6+ Kf8 50. Be5 Bg5 51. Bxg7+ Ke8 52. Bxh6 Bxh6 53. Rxh6 Rb1 54. Ke5 1-0

[Event "TUN-ch sf"]
[Site "Monastir"]
[Date "2024.03.23"]
[Round "5"]
[White "Zenaidi, Mokhtar"]
[Black "Alouani, Ahmed"]
[Result "1-0"]
[WhiteElo "1792"]
[BlackElo "1558"]
[PlyCount "86"]
[EventDate "2024.03.21"]
[EventType "swiss"]
[EventRounds "9"]
[EventCountry "TUN"]
[SourceTitle "CB15_2024"]
[SourceDate "2024.04.10"]
[SourceVersion "1"]
[SourceVersionDate "2024.04.10"]
[SourceQuality "1"]

1. e4 d6 2. d4 Nf6 3. Nc3 g6 4. Be3 Bg7 5. Qd2 c6 6. Nf3 b5 7. Bd3 a5 8. a4 b4 9. Ne2 Ba6 10. Bh6 0-0 11. Ng3 c5 12. Bxa6 Nxa6 13. h4 cxd4 14. Nxd4 Bxh6 15. Qxh6 Ng4 16. Qg5 Qb6 17. Ngf5 Kh8 18. Qxg4 gxf5 19. Nxf5 Rg8 20. Qf3 e6 21. Nh6 Rg7 22. Nxf7+ Kg8 23. Nh6+ Kh8 24. Qf6 Nc5 25. Nf7+ Kg8 26. Ng5 Rf8 27. Qd4 h6 28. Nxe6 Re7 29. Nxc5 dxc5 30. Qd5+ Kh8 31. 0-0-0 Rxf2 32. e5 c4 33. Rh3 Qg6 34. Qxc4 Rxg2 35. Rhd3 Qg7 36. Qe4 Qg6 37. Qa8+ Kg7 38. Rf1 Rxc2+ 39. Kxc2 Rc7+ 40. Kd2 b3 41. Qf8+ Kh7 42. Qf5 Qxf5 43. Rxf5 Rc2+ 1-0

[Event "TUN-ch sf"]
[Site "Monastir"]
[Date "2024.03.22"]
[Round "2"]
[White "Alouani, Ahmed"]
[Black "Ktita, Dhafer"]
[Result "0-1"]
[WhiteElo "1558"]
[BlackElo "1910"]
[PlyCount "102"]
[EventDate "2024.03.21"]
[EventType "swiss"]
[EventRounds "9"]
[EventCountry "TUN"]
[SourceTitle "CB15_2024"]
[SourceDate "2024.04.10"]
[SourceVersion "1"]
[SourceVersionDate "2024.04.10"]
[SourceQuality "1"]

1. d4 Nf6 2. Nf3 g6 3. Bf4 Bg7 4. h3 d6 5. e3 0-0 6. Be2 Nbd7 7. 0-0 Qe8 8. Nbd2 e5 9. dxe5 dxe5 10. Bh2 Kh8 11. c3 Ng8 12. e4 f5 13. exf5 gxf5 14. Bc4 a5 15. Ng5 Nb6 16. Bxg8 Rxg8 17. Qb3 Bf6 18. Ndf3 Rxg5 19. Nxg5 Bxg5 20. f4 Bxf4 21. Bxf4 exf4 22. Rxf4 a4 23. Qb4 Qe3+ 24. Kh1 Bd7 25. Rf3 Qe4 26. Qc5 Bc6 27. Raf1 Rg8 28. R1f2 Nd7 29. Qxf5 Qe1+ 30. Rf1 Qe5 31. Qxe5+ Nxe5 32. R3f2 Rg5 33. Kh2 Kg7 34. Re1 Bd5 35. a3 b5 36. Re3 h5 37. g3 Bf7 38. Kg1 Ng6 39. Rd3 h4 40. g4 Rc5 41. Rd7 Ne5 42. Rd4 Bg6 43. Kg2 c6 44. Kg1 Kh6 45. Rd6 Kg5 46. Kg2 Be4+ 47. Kg1 Nf3+ 48. Kf1 Kf4 49. Rf6+ Kg3 50. Ke2 Re5 51. Ke3 Bg6# 0-1